[Event "Nordea Cup-A"]
[Site "Hillerod"]
[Date "2013.04.30"]
[Round "1"]
[White "Kristensen, Leif E"]
[Black "Poulsen, Morten"]
[Result "1/2-1/2"]
[WhiteElo "2035"]
[BlackElo "2045"]
[PlyCount "30"]
[EventDate "2013.04.30"]
[EventType "tourn"]
[EventRounds "7"]
[EventCountry "DEN"]
[SourceTitle "EXT 2018"]
[Source "ChessBase"]
[SourceDate "2017.10.13"]
[SourceVersion "1"]
[SourceVersionDate "2017.10.13"]
[SourceQuality "1"]

1. e4 e5 2. Nf3 Nc6 3. Bb5 a6 4. Ba4 Nf6 5. 0-0 b5 6. Bb3 Be7 7. Re1 0-0 8. c3 d5 9. d3 Bb7 10. Nbd2 dxe4 11. Nxe4 Nxe4 12. dxe4 Qxd1 13. Rxd1 Bd6 14. Bd5 Na5 15. Bxb7 Nxb7 1/2-1/2